| 000 | 00734nam a22002177a 4500 | ||
|---|---|---|---|
| 999 |
_c1735 _d1735 |
||
| 001 | 9072 | ||
| 003 | BD-DhUAP | ||
| 005 | 20200216103921.0 | ||
| 008 | 200216s2002 pk ||||| |||| 00| 0 eng d | ||
| 040 |
_aBD-DhUAP _bEng _cBD-DhUAP _dBD-DhUAP |
||
| 082 |
_223 _a347.05 MAH |
||
| 100 | _aMahmood, Shaukat. | ||
| 245 |
_aThe law of civil procedure : _ba detailed and exhaustive commentary on the code of civil procedure, 1908 as amender up-to-date / _cShaukat Mahmood and Nadeem Shaukat. |
||
| 250 | _a7th rev. and enl. ed. | ||
| 260 |
_aLahore : _bLegal Research Centre, _cc2002. |
||
| 300 |
_avolumes ; _c23 cm. |
||
| 505 | _aV. 4 Order xxxiv to index -- | ||
| 650 | _aCivil procedure. | ||
| 700 | _aShaukat, Nadeem. | ||
| 942 |
_2ddc _cBK |
||